| 000 | 01149nam a22003017a 4500 | ||
|---|---|---|---|
| 001 | 5314 | ||
| 003 | FISKH | ||
| 005 | 20241125164843.0 | ||
| 008 | 241125b cb ||||| |||| 00| 0 eng d | ||
| 020 | _a9780439943994 | ||
| 040 |
_aFISKH _beng _cFISKH _dFISKH |
||
| 050 | _aD743.D43 | ||
| 082 | _a940.53 | ||
| 100 | _aDeary, Terry | ||
| 245 |
_aThe Woeful Second World War / _cby Terry Deary : illustrated by Martin Brown |
||
| 260 |
_aLondon : _bScholastic ; _c1999. |
||
| 300 |
_a139 pages : _billustrations ; _c21 cm . |
||
| 490 | _aHorrible Histories | ||
| 505 | _aX | ||
| 520 | _aDiscover all the foul facts about the Woeful Second World War in this classic Horrible Histories title. All the foul facts about the Woeful Second World War are ready to uncover, including: why the blitzed Brits ate chicken-fruit, sinkers and nutty what really happened in Dad's Army and how to make a rude noise with a gas mask. | ||
| 521 | 8 |
_a890
_bLexile |
|
| 521 | 8 |
_aX
_bRaz-Plus |
|
| 650 |
_ahumor _vNon-fiction |
||
| 650 |
_ahistory _vNon-fiction |
||
| 700 |
_aBrown, Martin _dillustrator |
||
| 942 |
_2ddc _cBK _n0 |
||
| 999 |
_c5314 _d5314 |
||